| 000 | 00698nam0a22002531 4500 | ||
|---|---|---|---|
| 001 | rc\1181986 | ||
| 005 | 20041129085737.2 | ||
| 035 | _a(NLR Aleph) 006424062 | ||
| 090 |
_a5479219 _c5479219 |
||
| 100 | _a20041129d1980 u |0rusy50 ca | ||
| 101 | 0 | _arus | |
| 102 | _aRU | ||
| 105 | _aa ||||||||| | ||
| 200 | 1 |
_aИз моей жизни _fВ. Мурадели |
|
| 205 | _a2-е изд. | ||
| 210 |
_aМ. _cМузыка _d1980 |
||
| 215 |
_a38 с. _cил. _d21 |
||
| 225 | 1 | _aРассказы о музыке | |
| 700 | 1 |
_aМурадели _bВ. И. _f1908-1970 _gВано Ильич |
|
| 801 | 0 |
_aRU _bNLR _gpsbo |
|
| 801 | 1 |
_aRU _bELAR _2rusmarc |
|
| 852 |
_aNLR _j80-6/4558 |
||
| 942 | _cBOOK | ||
| 980 | _aNB | ||